000 00601nam a22002537a 4500
003 UA-OsUOA
001 31120
007 ta
008 20041202b un ||||| |||| 00| 0 ukr d
100 _aСон Н. А.
090 _a903
_bС54
942 _cBK
040 _aUA-OsUOA
_brus
_cUA-OsUOA
_dUA-OsUOA
245 _aТира римского времени
300 _a156 с.
_bІлюстрації
955 _a0
041 _arus
080 _a903
020 _a5-12-004033-0
260 _aКиев
_bНаукова думка
_c1993
044 _aUA
650 7 _2UDC
999 _c317541
_d317541